000
00342nam a2200133Ia 4500
008
231017s9999 xx 000 0 und d
082
_a
388.412
082
_b
HEN
245
0
_a
NCHRP Synthesis Of Highway Practice 395: Debt Finance Practices For Surface Transportation
245
0
_c
TRB
260
_b
TRB
300
_c
30cm
942
_c
REP
999
_c
604174
_d
604174